[Event "M.Chigorin Memorial 2013"]
[Site "St. Petersburg"]
[Date "2013.10.06"]
[Round "2.102"]
[White "Tskhadadze, Anna"]
[Black "Zhilchikov, Nikolai"]
[Result "0-1"]
[WhiteElo "1806"]
[BlackElo "2074"]
[PlyCount "78"]
[EventDate "2013.10.05"]

1. c4 c5 2. g3 g6 3. Bg2 Bg7 4. d3 Nc6 5. e4 b6 6. Ne2 Bb7 7. O-O Nf6 8. Nbc3
O-O 9. f4 e6 10. h3 Na5 11. a3 Ne8 12. Rb1 Nc6 13. Be3 Ne7 14. d4 cxd4 15. Nxd4
Rc8 16. b3 d5 17. exd5 exd5 18. Nde2 Nd6 19. Nxd5 Nxd5 20. Bxd5 Bxd5 21. Qxd5
Qe7 22. Qf3 Rfe8 23. Kf2 Nf5 24. Bc1 Qc5+ 25. Kg2 Ne3+ 26. Bxe3 Rxe3 27. Qf2
Rce8 28. Ng1 Bd4 29. Qd2 Bc3 30. Qd5 Qxa3 31. Qd1 Be1 32. Rf3 Qa2+ 33. Kh1 Bxg3
34. Rxg3 Rxg3 35. Qf1 Rg2 36. Qxg2 Qxb1 37. Qg3 Qe1 38. Qg4 Qe3 39. Qd7 Qe4+
0-1

[Event "M.Chigorin Memorial 2013"]
[Site "St. Petersburg"]
[Date "2013.10.06"]
[Round "2.103"]
[White "Hyoetylae, Tapio"]
[Black "Kartsev, Evgeni"]
[Result "0-1"]
[WhiteElo "1796"]
[BlackElo "2067"]
[PlyCount "132"]
[EventDate "2013.10.05"]

1. d4 Nf6 2. c4 d6 3. Nc3 Nbd7 4. e4 e5 5. d5 Be7 6. Bd3 O-O 7. Nge2 Ne8 8. Be3
Bg5 9. Qd2 Bxe3 10. Qxe3 c6 11. O-O h6 12. Ng3 Kh7 13. Kh1 g6 14. b4 c5 15. a3
Qg5 16. Qxg5 hxg5 17. h3 Nb6 18. Nge2 Bd7 19. b5 Kg7 20. g4 Rh8 21. Kg2 Nc8 22.
Rh1 Ne7 23. Ng3 Nf6 24. f3 Rhf8 25. h4 gxh4 26. Rxh4 Rh8 27. Rah1 Rxh4 28. Rxh4
Rh8 29. Rxh8 Kxh8 30. Nf1 Kg7 31. Ne3 Kh6 32. Kg3 Kg5 33. Ne2 Ne8 34. Ng1 f5
35. Nh3+ Kf6 36. gxf5 gxf5 37. exf5 Nxf5+ 38. Nxf5 Bxf5 39. Bxf5 Kxf5 40. Nf2
Nf6 41. Nd1 e4 42. Kf2 Kf4 43. fxe4 Kxe4 44. Ne3 b6 45. Ke2 Kd4 46. Nf5+ Kxc4
47. Nxd6+ Kxd5 48. Nc8 Kc4 49. Nxa7 Kb3 50. Nc8 Nd5 51. Nd6 Kxa3 52. Kd3 Kb4
53. Kd2 Nc7 54. Kd3 Nd5 55. Kd2 c4 56. Kc2 Kc5 57. Ne4+ Kxb5 58. Nf2 Ka4 59.
Nd1 b5 60. Kb2 b4 61. Kc2 Ka3 62. Nb2 Ne3+ 63. Kc1 b3 64. Kb1 c3 65. Nd3 Nf1
66. Kc1 Nd2 0-1

[Event "M.Chigorin Memorial 2013"]
[Site "St. Petersburg"]
[Date "2013.10.06"]
[Round "2.104"]
[White "Plotnikov, Vitaly"]
[Black "Shemenko, Georgy"]
[Result "1-0"]
[WhiteElo "2065"]
[BlackElo "1802"]
[PlyCount "55"]
[EventDate "2013.10.05"]

1. c4 Nf6 2. Nf3 g6 3. b3 Bg7 4. Bb2 O-O 5. g3 d5 6. Bg2 e6 7. O-O c5 8. Qc2 d4
9. b4 Nc6 10. bxc5 e5 11. d3 Nd7 12. Nbd2 Nxc5 13. Ba3 Qa5 14. Qb2 Rd8 15. Nb3
Nxb3 16. axb3 Qc7 17. b4 Rb8 18. b5 e4 19. Ng5 exd3 20. bxc6 dxe2 21. Qxe2 d3
22. Qf3 Bxa1 23. Rxa1 bxc6 24. Qf6 c5 25. Nxf7 Qxf7 26. Qxd8+ Kg7 27. Bxc5 d2
28. Bd4+ 1-0

[Event "M.Chigorin Memorial 2013"]
[Site "St. Petersburg"]
[Date "2013.10.06"]
[Round "2.105"]
[White "Sokolov, Ilia"]
[Black "Aseev, Vladimir"]
[Result "0-1"]
[WhiteElo "1792"]
[BlackElo "2064"]
[PlyCount "146"]
[EventDate "2013.10.05"]

1. Nf3 d5 2. g3 Bf5 3. Bg2 e6 4. O-O Nd7 5. d3 Be7 6. Nbd2 c6 7. e4 Bg4 8. h3
Bh5 9. Qe1 Ngf6 10. e5 Ng8 11. Nb1 Qb6 12. a3 Bxf3 13. Bxf3 Qd4 14. Bf4 g5 15.
Bd2 Qxb2 16. Nc3 Qxc2 17. Qe2 Nc5 18. d4 Na4 19. Rfc1 Nxc3 20. Rxc2 Nxe2+ 21.
Bxe2 O-O-O 22. Rb1 Rd7 23. Rcb2 Bd8 24. a4 Kb8 25. a5 Ne7 26. Ba6 Bb6 27. axb6
bxa6 28. b7 Nf5 29. Bc3 h5 30. g4 hxg4 31. hxg4 Ng7 32. Bb4 Re8 33. Bc5 Red8
34. Rb3 Rg8 35. Bd6+ Rxd6 36. exd6 Ne8 37. d7 Nd6 38. Rh3 Rd8 39. Rh7 a5 40.
Rg7 a4 41. Rxg5 Nb5 42. Rg7 Rxd7 43. g5 Rxb7 44. Kf1 a3 45. Ra1 Kc8 46. Rh7 Rd7
47. Rc1 Kc7 48. Ke1 Nxd4 49. Kd1 Nb3 50. Rc2 Na5 51. Kc1 Nc4 52. Kb1 Kd6 53.
Ka2 e5 54. f3 Re7 55. Rch2 Kd7 56. Rg7 e4 57. fxe4 dxe4 58. Kb3 Ne5 59. Re2 Ng6
60. Kxa3 Kd6 61. Kb3 e3 62. Kc3 Kd5 63. Rh7 Nf4 64. Re1 Ke4 65. g6 Nd5+ 66. Kc2
fxg6 67. Rxe7+ Nxe7 68. Ra1 Nf5 69. Rxa7 g5 70. Ra4+ Nd4+ 71. Kd1 c5 72. Rc4
Kd3 73. Rxc5 e2+ 0-1

[Event "M.Chigorin Memorial 2013"]
[Site "St. Petersburg"]
[Date "2013.10.06"]
[Round "2.106"]
[White "Kazakov, Maksym"]
[Black "Mushak, Alexander"]
[Result "1-0"]
[WhiteElo "2062"]
[BlackElo "1801"]
[PlyCount "75"]
[EventDate "2013.10.05"]

1. d4 g6 2. Nf3 Bg7 3. Bf4 d5 4. e3 Bg4 5. Be2 c6 6. c4 Bxf3 7. Bxf3 dxc4 8.
O-O Nd7 9. Nd2 e5 10. Bg3 Nh6 11. Nxc4 Qe7 12. Qb3 Rb8 13. Rfd1 O-O 14. dxe5
Nf5 15. e6 Nc5 16. Qb4 Nxg3 17. exf7+ Rxf7 18. hxg3 Na6 19. Qb3 Qb4 20. Nd6
Qxb3 21. axb3 Rc7 22. Nxb7 Rbxb7 23. Rxa6 Rb6 24. Rda1 Rxa6 25. Rxa6 c5 26.
Bd5+ Kf8 27. f4 Bxb2 28. Kf2 Kg7 29. e4 Bd4+ 30. Kf3 Bf6 31. e5 Be7 32. g4 Rd7
33. Ke4 Bh4 34. f5 Re7 35. f6+ Bxf6 36. Rxf6 h6 37. Rc6 Rb7 38. Rxg6+ 1-0

[Event "M.Chigorin Memorial 2013"]
[Site "St. Petersburg"]
[Date "2013.10.06"]
[Round "2.107"]
[White "Stroganov, Anatoly"]
[Black "Grinblat, Artemiy"]
[Result "0-1"]
[WhiteElo "1781"]
[BlackElo "2058"]
[PlyCount "82"]
[EventDate "2013.10.05"]

1. d4 e6 2. Nf3 d5 3. e3 Nf6 4. Nbd2 c5 5. b3 Bd6 6. Bb2 O-O 7. Bd3 Nc6 8. a3
b6 9. O-O Bb7 10. Ne5 Rc8 11. f4 Ne7 12. g4 Ne4 13. Bxe4 dxe4 14. Nec4 Bb8 15.
a4 cxd4 16. Bxd4 Ng6 17. Bb2 Qh4 18. Qe2 Qh6 19. Rf2 Rfd8 20. Raf1 Nh4 21. g5
Qg6 22. Qg4 Nf3+ 23. Nxf3 exf3 24. Be5 Bxe5 25. Nxe5 Qe4 26. Qh5 g6 27. Qh6 Qf5
28. h3 f6 29. gxf6 Qxf6 30. c4 Rd6 31. Kh2 Rcd8 32. h4 Rd1 33. Kg3 Rxf1 34.
Rxf1 Rd2 35. Rf2 Rxf2 36. Kxf2 Qf5 37. Qg5 Qc2+ 38. Kg1 Qd1+ 39. Kh2 f2 40.
Nxg6 Qh1+ 41. Kg3 Qg2# 0-1

[Event "M.Chigorin Memorial 2013"]
[Site "St. Petersburg"]
[Date "2013.10.06"]
[Round "2.108"]
[White "Sorokopudov, Vladimir M"]
[Black "Rybakova, Polina"]
[Result "1-0"]
[WhiteElo "2057"]
[BlackElo "1794"]
[PlyCount "61"]
[EventDate "2013.10.05"]

1. d4 Nf6 2. c4 g6 3. Nc3 Bg7 4. e4 d6 5. f3 Nbd7 6. Be3 c5 7. d5 Qa5 8. Qd2
O-O 9. Nh3 a6 10. Rc1 Ne5 11. Nf2 Bd7 12. Be2 b5 13. b3 b4 14. Ncd1 Qc7 15. g4
Bc8 16. Bh6 a5 17. Bxg7 Kxg7 18. Ne3 a4 19. f4 Ned7 20. h4 Kh8 21. h5 Rg8 22.
hxg6 fxg6 23. g5 Ne8 24. Qb2+ Rg7 25. Nfg4 Nf8 26. f5 gxf5 27. exf5 Qd8 28. Nh6
Qc7 29. Bh5 Bd7 30. f6 exf6 31. gxf6 1-0

[Event "M.Chigorin Memorial 2013"]
[Site "St. Petersburg"]
[Date "2013.10.06"]
[Round "2.109"]
[White "Scheglov, Dmitry"]
[Black "Ivanov, Sergei V"]
[Result "0-1"]
[WhiteElo "1770"]
[BlackElo "2053"]
[PlyCount "164"]
[EventDate "2013.10.05"]

1. e4 Nc6 2. d4 d5 3. e5 Bf5 4. Nf3 f6 5. exf6 gxf6 6. Bd3 Qd7 7. Bf4 O-O-O 8.
O-O Bg7 9. Re1 Bg4 10. Be2 Nh6 11. c3 Nf7 12. b4 e5 13. Bg3 h5 14. h4 Rhg8 15.
a4 Ne7 16. Nh2 Bxe2 17. Qxe2 Qf5 18. b5 Qg6 19. Na3 Nf5 20. Nf1 Bf8 21. Nc2 Bd6
22. Nce3 Nxe3 23. Nxe3 exd4 24. Nxd5 d3 25. Ne7+ Bxe7 26. Qxe7 Nd6 27. Qe3 Kb8
28. Rad1 Nf5 29. Qf4 Rg7 30. Rd2 b6 31. Kh2 Nh6 32. Re6 Ng4+ 33. Kg1 Qf7 34.
Rc6 Qe7 35. Rd1 Qe2 36. Qd2 Rdd7 37. Rc4 Rgf7 38. f3 Ne3 39. Qxe2 dxe2 40. Rxd7
Rxd7 41. Re4 Rd1+ 42. Be1 Rxe1+ 43. Kf2 Nxg2 44. Kxg2 Ra1 45. Rxe2 Rxa4 46. Re4
Ra5 47. c4 a6 48. bxa6 Rc5 49. Kf2 Ka7 50. Ke3 Kxa6 51. Kd4 Rf5 52. Ke3 Ka5 53.
Re7 Rc5 54. Kd3 Kb4 55. Re4 Rf5 56. f4 b5 57. cxb5+ Kxb5 58. Kc3 Kc5 59. Rc4+
Kd6 60. Rd4+ Rd5 61. Re4 Rd1 62. Re8 Rh1 63. Rf8 Ke6 64. Rc8 Rxh4 65. Rxc7 Kf5
66. Kd3 Rxf4 67. Ke3 Kg4 68. Rc8 Rf5 69. Rc4+ Kg3 70. Rc1 Re5+ 71. Kd4 h4 72.
Rg1+ Kh2 73. Rg6 Re6 74. Kd5 Ra6 75. Ke4 f5+ 76. Kxf5 Rxg6 77. Kxg6 Kg3 78. Kh5
h3 79. Kg5 h2 80. Kh5 h1=Q+ 81. Kg5 Qh4+ 82. Kf5 Qf4+ 0-1

[Event "M.Chigorin Memorial 2013"]
[Site "St. Petersburg"]
[Date "2013.10.06"]
[Round "2.110"]
[White "Kazakovskiy, Valeriy"]
[Black "Kvitko, Nikita"]
[Result "1-0"]
[WhiteElo "2051"]
[BlackElo "1788"]
[PlyCount "39"]
[EventDate "2013.10.05"]

1. e4 d6 2. d4 g6 3. Nc3 Bg7 4. Be3 Nf6 5. Qd2 Nbd7 6. Bh6 O-O 7. O-O-O c5 8.
Bxg7 Kxg7 9. dxc5 Nxc5 10. e5 Ne8 11. h4 h5 12. Nge2 f6 13. Qe3 b6 14. exd6
Nxd6 15. Nd4 Qe8 16. Ndb5 Nxb5 17. Bxb5 Qf7 18. Bc6 Bb7 19. Bxb7 Nxb7 20. Rd7
1-0

[Event "M.Chigorin Memorial 2013"]
[Site "St. Petersburg"]
[Date "2013.10.06"]
[Round "2.112"]
[White "Zhivotovskaya, Asya"]
[Black "Senkevich, Konstantin"]
[Result "1/2-1/2"]
[WhiteElo "1755"]
[BlackElo "2039"]
[PlyCount "81"]
[EventDate "2013.10.05"]

1. e4 e5 2. Nf3 Nc6 3. Bb5 Nf6 4. O-O d6 5. d4 Bd7 6. Nc3 Be7 7. Re1 exd4 8.
Nxd4 O-O 9. h3 Re8 10. Nxc6 Bxc6 11. Bxc6 bxc6 12. Bf4 Rb8 13. b3 Nd7 14. Ne2
Bf6 15. Nd4 Rb6 16. Rc1 Nc5 17. f3 Ne6 18. Be3 Nxd4 19. Bxd4 c5 20. Bxf6 Qxf6
21. Kf2 Qb2 22. Ra1 Rb4 23. Qe2 Rd4 24. a4 c4 25. Rab1 Qc3 26. Red1 f5 27. Rxd4
Qxd4+ 28. Qe3 Qxe3+ 29. Kxe3 cxb3 30. Rxb3 fxe4 31. Rb7 exf3+ 32. Kxf3 Re5 33.
Rxc7 Ra5 34. Rc4 Kf7 35. Ke3 Ke6 36. Re4+ Kd7 37. Rc4 Ke6 38. Re4+ Kf6 39. Rf4+
Ke6 40. Re4+ Kd7 41. Rc4 1/2-1/2

[Event "M.Chigorin Memorial 2013"]
[Site "St. Petersburg"]
[Date "2013.10.06"]
[Round "2.113"]
[White "Martynyuk, Elizaveta"]
[Black "Fokin, Anatoly"]
[Result "1-0"]
[WhiteElo "2032"]
[BlackElo "1765"]
[PlyCount "55"]
[EventDate "2013.10.05"]

1. e4 d5 2. exd5 Nf6 3. d4 Nxd5 4. c4 Nb6 5. Nf3 g6 6. Nc3 Bg7 7. c5 Nd5 8. Bc4
Nxc3 9. bxc3 O-O 10. O-O Nc6 11. Rb1 e5 12. Bg5 Qd7 13. Bb5 Qf5 14. d5 e4 15.
dxc6 exf3 16. Be7 bxc6 17. Bxf8 Bxf8 18. Bxc6 Ba6 19. Bxa8 Be2 20. Qd4 Qg5 21.
g3 Qf5 22. Qh4 Bd3 23. Rb8 Kg7 24. Qd4+ f6 25. Qd8 Bxc5 26. Qxc7+ Kh6 27. Qf4+
Qxf4 28. gxf4 1-0

[Event "M.Chigorin Memorial 2013"]
[Site "St. Petersburg"]
[Date "2013.10.06"]
[Round "2.114"]
[White "Erenberg, Ariel"]
[Black "Petrochenko, Maria"]
[Result "1-0"]
[WhiteElo "2029"]
[BlackElo "1759"]
[PlyCount "133"]
[EventDate "2013.10.05"]

1. d4 d5 2. c4 c6 3. Nc3 Nf6 4. Nf3 e6 5. g3 Bd6 6. Bg2 O-O 7. Bf4 Qe7 8. Bxd6
Qxd6 9. c5 Qe7 10. Ne5 Nfd7 11. f4 f6 12. Nxd7 Nxd7 13. O-O e5 14. e3 exd4 15.
exd4 Re8 16. Re1 Qxe1+ 17. Qxe1 Rxe1+ 18. Rxe1 Kf7 19. f5 g6 20. fxg6+ hxg6 21.
b4 Nf8 22. b5 Ne6 23. bxc6 bxc6 24. Rb1 Ba6 25. Rb4 Re8 26. Bf1 Bxf1 27. Kxf1
Re7 28. Ne2 Ng7 29. Kf2 Nf5 30. h3 Rc7 31. a4 Ng7 32. a5 Ne6 33. h4 f5 34. Ng1
Kf6 35. Nf3 Re7 36. Rb1 Rc7 37. a6 Re7 38. Rb7 Nd8 39. Rb8 Ne6 40. Rc8 Rc7 41.
Rh8 Kg7 42. Rb8 Kf6 43. Rb2 Re7 44. Rb7 Nd8 45. Rb8 Ne6 46. Rc8 Rc7 47. Rxc7
Nxc7 48. Ne5 Nxa6 49. Nxc6 Nc7 50. Nxa7 Ne6 51. Nc6 Kf7 52. Ke3 Kf6 53. Nb4 Nc7
54. Nd3 Ne6 55. Nf4 Nc7 56. Nh3 Nb5 57. Kd3 Kf7 58. Ng5+ Kf6 59. Nf3 Ke7 60.
Ne5 Kf6 61. c6 g5 62. h5 Kg7 63. g4 fxg4 64. Nxg4 Kf7 65. Ne3 Kg7 66. Nxd5 Kh6
67. Nf6 1-0

[Event "M.Chigorin Memorial 2013"]
[Site "St. Petersburg"]
[Date "2013.10.06"]
[Round "2.115"]
[White "Radkov, Bazhen D"]
[Black "Stepanov, Andrey"]
[Result "1-0"]
[WhiteElo "2027"]
[BlackElo "1731"]
[PlyCount "81"]
[EventDate "2013.10.05"]

1. d4 Nf6 2. c4 g6 3. Nc3 Bg7 4. e4 d6 5. Nf3 O-O 6. Be2 e5 7. d5 a5 8. Bg5 h6
9. Bh4 Na6 10. Nd2 Qe8 11. O-O Bd7 12. b3 Nh7 13. a3 f5 14. f3 g5 15. Bf2 f4
16. b4 axb4 17. axb4 Rc8 18. Rb1 h5 19. c5 Nb8 20. Nc4 Qg6 21. Na5 b6 22. Nb3
Rcd8 23. Nb5 g4 24. c6 Bc8 25. Nxc7 g3 26. Bxb6 gxh2+ 27. Kh1 h4 28. Ne6 Rde8
29. Bc4 Rf6 30. b5 Ng5 31. Ba7 h3 32. Qc2 Nxe4 33. fxe4 Qg4 34. Qe2 Qg3 35. Qf3
hxg2+ 36. Qxg2 Rg6 37. Qxg3 fxg3 38. Kg2 Rg4 39. Rbe1 Bh6 40. Bxb8 Bf4 41. Bxd6
1-0

[Event "M.Chigorin Memorial 2013"]
[Site "St. Petersburg"]
[Date "2013.10.06"]
[Round "2.116"]
[White "Pitkanen, Juhani"]
[Black "Utkin, Vladimir"]
[Result "0-1"]
[WhiteElo "1744"]
[BlackElo "2025"]
[PlyCount "86"]
[EventDate "2013.10.05"]

1. d4 d5 2. c4 c6 3. Nc3 Nf6 4. Nf3 e6 5. e3 Nbd7 6. Qc2 Bd6 7. b3 O-O 8. Be2
dxc4 9. bxc4 e5 10. O-O Re8 11. Bb2 exd4 12. Nxd4 Nc5 13. Rad1 Qc7 14. h3 Be5
15. Nb3 Nce4 16. Nxe4 Nxe4 17. Bxe5 Qxe5 18. Nd4 g6 19. Bd3 Nc5 20. Be2 Qg5 21.
Nf3 Qf6 22. Rd4 Bf5 23. Qc1 Ne4 24. Nd2 c5 25. Nxe4 Bxe4 26. Rd2 Qg5 27. g3 Bc6
28. Qc2 Rxe3 29. Bg4 Re7 30. Rfd1 Rae8 31. Rd8 Re1+ 32. Rxe1 Rxd8 33. Rd1 Rd4
34. Rxd4 cxd4 35. Be2 Qe5 36. Qd1 Qe4 37. f3 Qe3+ 38. Kg2 h5 39. Qd3 Bxf3+ 40.
Kf1 Bxe2+ 41. Qxe2 Qxg3 42. Qe8+ Kg7 43. Qxf7+ Kxf7 0-1

[Event "M.Chigorin Memorial 2013"]
[Site "St. Petersburg"]
[Date "2013.10.06"]
[Round "2.117"]
[White "Klukin, Kirill"]
[Black "Sorokina, Svetlana"]
[Result "1-0"]
[WhiteElo "2024"]
[BlackElo "1716"]
[PlyCount "47"]
[EventDate "2013.10.05"]

1. d4 Nf6 2. c4 e6 3. Nf3 b6 4. Nc3 Bb4 5. Bg5 Bb7 6. Nd2 h6 7. Bh4 Bxc3 8.
bxc3 d6 9. f3 Nbd7 10. e3 c6 11. Bd3 e5 12. O-O O-O 13. Bf5 Qc7 14. Ne4 Nxe4
15. fxe4 Rfe8 16. Qg4 Bc8 17. Rf3 Nf8 18. Raf1 Ng6 19. Be1 Rf8 20. Rg3 Be6 21.
h4 h5 22. Qxh5 Qd8 23. Rxg6 fxg6 24. Bxe6+ 1-0

[Event "M.Chigorin Memorial 2013"]
[Site "St. Petersburg"]
[Date "2013.10.06"]
[Round "2.118"]
[White "Stoliarenko, Ivan"]
[Black "Kharchenko, Daniil"]
[Result "0-1"]
[WhiteElo "1724"]
[BlackElo "2023"]
[PlyCount "92"]
[EventDate "2013.10.05"]

1. e4 c5 2. Nf3 Nc6 3. d4 cxd4 4. Nxd4 g6 5. Nc3 Bg7 6. Be3 Nf6 7. Be2 O-O 8.
Nb3 d6 9. f4 b6 10. O-O Bb7 11. Bf3 Nd7 12. Kh1 Rc8 13. Qd2 Nc5 14. Rad1 a5 15.
Qf2 Ba6 16. Rfe1 Qc7 17. Bg4 Bxc3 18. bxc3 Nxe4 19. Qg1 Rb8 20. Bd2 Nxd2 21.
Rxd2 e6 22. Red1 Rfd8 23. a4 Bc4 24. Bf3 Ne7 25. Qd4 Nf5 26. Qf6 d5 27. g3 Rbc8
28. Nc1 Qe7 29. Qe5 Qc7 30. Qxc7 Rxc7 31. Re1 Rdc8 32. Kg2 Ba6 33. Na2 Bb7 34.
Kh3 Rc4 35. g4 Nd6 36. Rd4 Rxd4 37. cxd4 Rxc2 38. Rb1 Nc4 39. Nc1 Nd2 40. Bd1
Rc3+ 41. Kg2 Nxb1 42. Ne2 Rd3 43. Bc2 Rd2 44. Bxb1 Rxe2+ 45. Kg3 Ba6 46. f5 Rb2
0-1

[Event "M.Chigorin Memorial 2013"]
[Site "St. Petersburg"]
[Date "2013.10.06"]
[Round "2.119"]
[White "Voronenkov, Sergey"]
[Black "Gantsevich, Dmitry"]
[Result "1-0"]
[WhiteElo "2019"]
[BlackElo "1655"]
[PlyCount "53"]
[EventDate "2013.10.05"]

1. e4 c5 2. Nf3 d6 3. d4 cxd4 4. Nxd4 Nf6 5. Nc3 a6 6. Be3 e6 7. f3 b5 8. Qd2
Nbd7 9. g4 h6 10. O-O-O Bb7 11. Kb1 b4 12. Nce2 d5 13. exd5 Nxd5 14. Bg2 Qc7
15. Nf4 Ne5 16. Nxd5 Bxd5 17. Bf4 Bd6 18. Nf5 Bf8 19. Bxe5 Qxe5 20. Rhe1 Qc7
21. Qxd5 Rc8 22. Rxe6+ fxe6 23. Qxe6+ Be7 24. Qg6+ Kf8 25. Qxg7+ Ke8 26. Qxh8+
Kf7 27. Qg7+ 1-0

[Event "M.Chigorin Memorial 2013"]
[Site "St. Petersburg"]
[Date "2013.10.06"]
[Round "2.120"]
[White "Elizarova, Taisia"]
[Black "Larina, Marija"]
[Result "0-1"]
[WhiteElo "1715"]
[BlackElo "2011"]
[PlyCount "80"]
[EventDate "2013.10.05"]

1. d4 f5 2. c4 Nf6 3. g3 d6 4. Bg2 g6 5. Nf3 Bg7 6. Nc3 O-O 7. O-O Nc6 8. d5
Na5 9. Qd3 e5 10. dxe6 Bxe6 11. b3 Nc6 12. Bb2 Ne4 13. Rab1 Nc5 14. Qd2 h6 15.
Nd5 Ne4 16. Qd3 Ne5 17. Nxe5 dxe5 18. Rbd1 c6 19. Nb4 Qb6 20. Nc2 Nxf2 21. Rxf2
Rfd8 22. Nd4 exd4 23. Rff1 Rd7 24. Kh1 Re8 25. Qc2 c5 26. g4 Rde7 27. Rf2 Bd7
28. Bd5+ Kh8 29. Bc1 fxg4 30. Bf4 Bf5 31. Qd2 Kh7 32. Re1 Be4+ 33. Bxe4 Rxe4
34. Bg3 Qe6 35. Kg1 d3 36. Kf1 Bd4 37. Rg2 Qf6+ 38. Bf2 Bc3 39. Qxd3 Bxe1 40.
Qd7+ R8e7 0-1

[Event "M.Chigorin Memorial 2013"]
[Site "St. Petersburg"]
[Date "2013.10.06"]
[Round "2.121"]
[White "Opanasenko, Mikhail"]
[Black "Demura, Anna"]
[Result "1-0"]
[WhiteElo "2009"]
[BlackElo "1652"]
[PlyCount "81"]
[EventDate "2013.10.05"]

1. e4 d5 2. exd5 Qxd5 3. Nc3 Qd6 4. d4 Nf6 5. Nf3 Bg4 6. h3 Bh5 7. g4 Bg6 8.
Bg2 c6 9. O-O e6 10. Ne2 Qc7 11. c4 h6 12. Ne5 Bh7 13. f4 Nbd7 14. Qe1 Be7 15.
Be3 Rf8 16. b4 Ne4 17. a3 f6 18. Nf3 O-O-O 19. Nd2 Nxd2 20. Qxd2 e5 21. Qc3
exd4 22. Nxd4 Nb6 23. Ne6 Qd7 24. Nxf8 Bxf8 25. f5 Bg8 26. Bxb6 axb6 27. Kh1
Kc7 28. Rac1 Kb8 29. Qc2 Qf7 30. Rfd1 Rxd1+ 31. Rxd1 Kc7 32. Qd2 Qe7 33. Qd3
Bf7 34. b5 Be8 35. a4 Bd7 36. Qd2 Kc8 37. a5 bxa5 38. Qxa5 Qe2 39. Qa8+ Kc7 40.
b6+ Kxb6 41. Qd8+ 1-0

[Event "M.Chigorin Memorial 2013"]
[Site "St. Petersburg"]
[Date "2013.10.06"]
[Round "2.122"]
[White "Bezobrazov, Lev"]
[Black "Dushin, Nikolay"]
[Result "0-1"]
[WhiteElo "1648"]
[BlackElo "2006"]
[PlyCount "82"]
[EventDate "2013.10.05"]

1. e4 c5 2. Nf3 a6 3. d4 cxd4 4. Nxd4 Nf6 5. Nc3 e5 6. Nf5 d5 7. Ng3 Bb4 8.
exd5 Qxd5 9. Bd2 Qe6 10. Nge4 Nbd7 11. a3 Be7 12. Be2 h6 13. g4 Nc5 14. Nxf6+
Bxf6 15. b4 Qc6 16. Rg1 Ne6 17. Bf3 Qd7 18. Nd5 Bd8 19. Qe2 Nd4 20. Qxe5+ Qe6
21. Qxe6+ fxe6 22. Bd1 exd5 23. c3 Nc6 24. f4 Be6 25. h3 Bb6 26. Rg2 O-O-O 27.
f5 Bf7 28. h4 d4 29. Bf3 Rhe8+ 30. Kf1 Bc4+ 31. Be2 Rxe2 32. Rxe2 Re8 33. Rae1
Rxe2 34. Rxe2 dxc3 35. Bxc3 Nd4 36. Bxd4 Bxd4 37. Ke1 Bxe2 38. Kxe2 Bf6 39. h5
b5 40. Kd3 Kd7 41. Kc2 Kd6 0-1

[Event "M.Chigorin Memorial 2013"]
[Site "St. Petersburg"]
[Date "2013.10.06"]
[Round "2.123"]
[White "Selivanov, Ivan"]
[Black "Potapova, Tatiana"]
[Result "1-0"]
[WhiteElo "2005"]
[BlackElo "1636"]
[PlyCount "81"]
[EventDate "2013.10.05"]

1. e4 g6 2. d4 d6 3. c4 Nf6 4. Nc3 Nbd7 5. g3 Bg7 6. Bg2 c6 7. Nge2 Qc7 8. O-O
e5 9. d5 O-O 10. h3 cxd5 11. cxd5 a6 12. Be3 b6 13. f4 Nc5 14. b4 Ncd7 15. Rc1
Qd8 16. Nb1 Bb7 17. Nd2 a5 18. Nc4 Ne8 19. b5 Rc8 20. Qd3 Nc5 21. Bxc5 Rxc5 22.
fxe5 Bxe5 23. Nxe5 Rxc1 24. Rxc1 dxe5 25. d6 Qxd6 26. Rd1 Qxd3 27. Rxd3 f5 28.
Nc3 fxe4 29. Rd7 Rf7 30. Rd8 Kf8 31. Bxe4 Bxe4 32. Nxe4 Re7 33. Rb8 Re6 34. Ng5
Rd6 35. Nxh7+ Kg8 36. Ng5 Kf8 37. Ne4 Re6 38. Ng5 Rd6 39. Ne4 Re6 40. g4 Kg7
41. Ng5 1-0

[Event "M.Chigorin Memorial 2013"]
[Site "St. Petersburg"]
[Date "2013.10.06"]
[Round "2.124"]
[White "Pankova, Julia"]
[Black "Kazantsev, Nikita"]
[Result "0-1"]
[WhiteElo "1621"]
[BlackElo "1999"]
[PlyCount "50"]
[EventDate "2013.10.05"]

1. e4 e5 2. Nf3 Nc6 3. Bb5 f5 4. Nc3 Nf6 5. Qe2 fxe4 6. Nxe4 d5 7. Nxe5 Nxe4 8.
Qh5+ g6 9. Nxg6 hxg6 10. Qxh8 Qe7 11. O-O Kf7 12. Bxc6 bxc6 13. Qd4 Bg7 14. Qe3
Bf5 15. Re1 Be5 16. h3 Qf6 17. c3 d4 18. Qe2 d3 19. Qe3 Qh4 20. Rf1 Bf4 21. Qf3
Rh8 22. b3 Ng5 23. Qxc6 Nxh3+ 24. gxh3 Bh2+ 25. Kxh2 Qxh3+ 0-1

[Event "M.Chigorin Memorial 2013"]
[Site "St. Petersburg"]
[Date "2013.10.06"]
[Round "2.125"]
[White "Kiseleva, Arina"]
[Black "Gantsevich, Aleksey A"]
[Result "1-0"]
[WhiteElo "1992"]
[BlackElo "1614"]
[PlyCount "77"]
[EventDate "2013.10.05"]

1. d4 Nf6 2. Nf3 g6 3. g3 Bg7 4. Bg2 O-O 5. O-O d6 6. c4 Nbd7 7. Nc3 e5 8. e4
c6 9. Re1 exd4 10. Nxd4 Qb6 11. Nb3 Ne5 12. Be3 Qc7 13. c5 dxc5 14. Nxc5 b6 15.
Nb3 Ba6 16. Nc1 Rad8 17. Qa4 Bc4 18. f4 Nd3 19. Nxd3 Bxd3 20. e5 Ng4 21. Qxc6
Qe7 22. Nd5 Qd7 23. Rad1 Nxe3 24. Rxe3 Bb5 25. Qc2 Kh8 26. Bf3 Qe6 27. a4 Rc8
28. Nc3 Bc4 29. Rd6 Qe7 30. Bg4 Rcd8 31. Ne4 Rxd6 32. exd6 Qd8 33. Qxc4 f5 34.
Ng5 fxg4 35. Nf7+ Rxf7 36. Qxf7 Bd4 37. d7 Bxe3+ 38. Kf1 Qc7 39. Qf6+ 1-0

[Event "M.Chigorin Memorial 2013"]
[Site "St. Petersburg"]
[Date "2013.10.06"]
[Round "2.126"]
[White "Soliva Ruiz, Ramon"]
[Black "Doronkin, Grigory"]
[Result "0-1"]
[WhiteElo "1589"]
[BlackElo "1981"]
[PlyCount "88"]
[EventDate "2013.10.05"]

1. d4 d5 2. c4 c6 3. e3 Nf6 4. Nc3 e6 5. Nf3 Nbd7 6. Bd3 dxc4 7. Bxc4 b5 8. Bb3
Bb7 9. O-O a6 10. Bd2 c5 11. Bc2 Bd6 12. h3 O-O 13. Re1 Qc7 14. e4 cxd4 15.
Nxd4 Bc5 16. Nf3 e5 17. a3 Rac8 18. Rc1 Qb6 19. Qe2 Rfe8 20. Be3 h6 21. Nh4
Bxe3 22. Qxe3 Qxe3 23. Rxe3 g6 24. Rd1 Kf8 25. f3 Nc5 26. Re2 Red8 27. Red2
Rxd2 28. Rxd2 Ke7 29. Kf2 Rc7 30. Ne2 Nfd7 31. b4 Ne6 32. Bb3 Nb6 33. g4 Nc4
34. Ra2 Nd4 35. Nxd4 exd4 36. Ke2 Ne5 37. Bc2 Rxc2+ 38. Rxc2 d3+ 39. Kd2 dxc2
40. Kxc2 Nc4 41. Kb3 Kf6 42. a4 Ke5 43. axb5 axb5 44. Kc3 Kf4 0-1

[Event "M.Chigorin Memorial 2013"]
[Site "St. Petersburg"]
[Date "2013.10.06"]
[Round "2.127"]
[White "Skvortsov, Sergey"]
[Black "Rubtsov, Daniil"]
[Result "0-1"]
[WhiteElo "1980"]
[BlackElo "1522"]
[PlyCount "130"]
[EventDate "2013.10.05"]

1. e4 d6 2. d4 Nf6 3. Nc3 g6 4. g3 Nbd7 5. Bg2 c6 6. Nge2 Qc7 7. O-O Bg7 8. h3
e5 9. Be3 O-O 10. Qd2 Nb6 11. b3 Bd7 12. g4 h5 13. g5 Nh7 14. Rad1 f6 15. a4
Rad8 16. f4 f5 17. fxe5 dxe5 18. exf5 Bxf5 19. d5 cxd5 20. a5 Nc8 21. Bxd5+ Kh8
22. Ng3 Bxh3 23. Rxf8+ Rxf8 24. Nge4 a6 25. Nc5 Re8 26. Qh2 Bg4 27. Rf1 Nd6 28.
N3e4 Nxe4 29. Bxe4 Nf8 30. Bxb7 Qxa5 31. Bxa6 Qb6 32. Qf2 Ne6 33. Nxe6 Qxe6 34.
Bc4 Qf5 35. Qg2 Qd7 36. Rf7 Qd1+ 37. Bf1 Rf8 38. Rxf8+ Bxf8 39. Qd2 Qxd2 40.
Bxd2 Bf5 41. c4 e4 42. b4 Bd6 43. c5 Be5 44. Be3 Kg8 45. Kg2 Kf8 46. c6 Ke8 47.
Kf2 h4 48. Bg2 Kd8 49. Bb6+ Kc8 50. Ke3 h3 51. Bh1 Kb8 52. Bd8 Kc8 53. Bf6 Bd6
54. Bc3 Kc7 55. Kd4 Kxc6 56. Kc4 Bf4 57. b5+ Kb7 58. Bf6 Kc8 59. Kc5 e3 60. Kb6
Kb8 61. Bc3 Bg3 62. Bb7 e2 63. Bh1 e1=Q 64. Bxe1 Bxe1 65. Kc5 Bd3 0-1